000 00467nam a2200121Ia 4500
008 160712s9999 xx 000 0 und d
100 _aMagbitang, Riza A.
245 _cRiza A. Magbitang,
_aDetermination of Cd and Pb in Fruit Juice, Bottled Tea, Condiments and Dried Fish Samples Using ICP-MS
260 _c2013
_bScience Diliman
300 _avol. 25 no. 1
650 _xSCIENCE
856 _uhttp://journals.upd.edu.ph/index.php/sciencediliman/issue/view/402/showToc
999 _c297349
_d297349